[Event "Northumberland-ch Gilroy"]
[Site "Northumberland"]
[Date "2019.02.02"]
[Round "4"]
[White "Czestochowski, Eddie"]
[Black "Heyman, Bob"]
[Result "0-1"]
[WhiteElo "130"]
[BlackElo "116"]
[PlyCount "72"]
[EventDate "2018.10.27"]
[EventType "swiss"]
[EventRounds "7"]
[EventCountry "ENG"]
[SourceTitle "EXT 2020"]
[Source "ChessBase"]
[SourceDate "2019.10.17"]
[SourceVersion "1"]
[SourceVersionDate "2019.10.17"]
[SourceQuality "1"]

1. d4 d5 2. Nc3 Nf6 3. Bg5 e6 4. Nf3 Nbd7 5. e3 Be7 6. Bd3 c5 7. 0-0 b6 8. e4 dxe4 9. Nxe4 Bb7 10. Re1 Nxe4 11. Bxe7 Nxf2 12. Bxd8 Nxd1 13. Raxd1 Rxd8 14. dxc5 Nxc5 15. Bb5+ Ke7 16. Ne5 f6 17. Nc6+ Bxc6 18. Bxc6 Rxd1 19. Rxd1 Rd8 20. Rxd8 Kxd8 21. Kf2 Kc7 22. Bf3 Kd6 23. Ke3 e5 24. b4 Ne6 25. c3 f5 26. Bd1 e4 27. a4 Ke5 28. Bc2 f4+ 29. Ke2 g5 30. h3 h5 31. Bd1 g4 32. hxg4 hxg4 33. Kf1 f3 34. gxf3 gxf3 35. Kf2 Nf4 36. Bc2 Nd5 0-1

[Event "Northumberland-ch Gilroy"]
[Site "Northumberland"]
[Date "2019.01.05"]
[Round "3"]
[White "Heyman, Bob"]
[Black "Cox, Kevin"]
[Result "1-0"]
[WhiteElo "116"]
[BlackElo "137"]
[PlyCount "113"]
[EventDate "2018.10.27"]
[EventType "swiss"]
[EventRounds "7"]
[EventCountry "ENG"]
[SourceTitle "EXT 2020"]
[Source "ChessBase"]
[SourceDate "2019.10.17"]
[SourceVersion "1"]
[SourceVersionDate "2019.10.17"]
[SourceQuality "1"]

1. d4 e6 2. Nf3 b6 3. g3 Bb7 4. Bg2 Ne7 5. c4 Ng6 6. 0-0 Be7 7. Nc3 0-0 8. Bd2 d6 9. Ne1 Bxg2 10. Nxg2 Nd7 11. Nf4 Nxf4 12. Bxf4 Bf6 13. Ne4 Be7 14. Rc1 Nf6 15. Nxf6+ Bxf6 16. b3 Qe7 17. e4 Rfe8 18. Be3 e5 19. d5 Qd7 20. b4 a5 21. a3 axb4 22. axb4 Ra4 23. Rb1 Rea8 24. Qe2 g6 25. f3 Qh3 26. Qg2 Qxg2+ 27. Kxg2 Ra2+ 28. Rf2 Rxf2+ 29. Kxf2 Ra2+ 30. Kg1 Kf8 31. c5 b5 32. c6 Bd8 33. Bf2 f6 34. Be1 Kf7 35. Rd1 f5 36. Rd2 Ra1 37. Kf2 Bg5 38. Re2 f4 39. Bc3 fxg3+ 40. hxg3 Ra3 41. Be1 h5 42. Rb2 Be3+ 43. Kg2 Bd4 44. Rc2 Ra4 45. Bd2 Ra1 46. f4 exf4 47. Bxf4 Ra4 48. Bd2 Be5 49. Be1 Ra1 50. Re2 Bd4 51. Kf3 Ra3+ 52. Kg2 Kf6 53. Kf1 Ke5 54. Kg2 Re3 55. Rxe3 Bxe3 56. Kf3 Bc1 57. Bc3# 1-0

[Event "Northumberland-ch Gilroy"]
[Site "Northumberland"]
[Date "2018.11.24"]
[Round "2"]
[White "Heyman, Bob"]
[Black "Moreby, Kurt E"]
[Result "1/2-1/2"]
[WhiteElo "116"]
[BlackElo "129"]
[PlyCount "46"]
[EventDate "2018.10.27"]
[EventType "swiss"]
[EventRounds "7"]
[EventCountry "ENG"]
[SourceTitle "EXT 2020"]
[Source "ChessBase"]
[SourceDate "2019.10.17"]
[SourceVersion "1"]
[SourceVersionDate "2019.10.17"]
[SourceQuality "1"]

1. d4 d5 2. Nf3 Nf6 3. e3 c5 4. c3 Nc6 5. Bd3 Bg4 6. Nbd2 e5 7. dxe5 Nxe5 8. Qa4+ Bd7 9. Bb5 Nd3+ 10. Ke2 c4 11. Rd1 a6 12. Bxd7+ Qxd7 13. Qxd7+ Nxd7 14. Nd4 g6 15. N2f3 Bg7 16. Ne1 N7e5 17. Ndf3 Nxe1 18. Nxe1 Rd8 19. Nf3 Nd3 20. Ne1 Nxe1 21. Kxe1 0-0 22. Bd2 Rfe8 23. Kf1 f5 1/2-1/2